Statistics for quandale dingle

Click here to take the quiz!

General Stats

  • This quiz has been taken 41 times
  • The average score is 4 of 15

Answer Stats

SkinAnswer% Correct
Tiko/ fishy on mefishstick
58%
NbaLeBron James
55%
metal maniron man
45%
rapper/ had an eventTravis Scott
42%
rare skinrenegade raider
39%
baby yodamandalorian
35%
Stranger Thingsdemogorgon
23%
im not seeing enough movementninja
23%
candy girlzoey
23%
dj/foodmarshmallow
19%
a bird/ football teamraven
19%
Marvel/ has 2 moviesThor
13%
deck of cardswild card
6%
Wintermammoth
3%
A movie with the same titleragnarok
3%

Score Distribution

Percentile by Number Answered

Percent of People with Each Score

Your Score History

You have not taken this quiz